Catalog

Record Details

Catalog Search



Cvičebnice výslovnosti češtiny nejen pro školní výuku  Cover Image Book Book

Cvičebnice výslovnosti češtiny nejen pro školní výuku / Stanislav Štěpáník, Jana Vlčková-Mejvaldová

Record details

  • ISBN: 978-80-7489-389-6
  • Physical Description: 88 stran : ilustrace ; 30 cm
  • Edition: 1. vydání
  • Publisher: Plzeň : Fraus, 2018

Content descriptions

General Note:
V publikaci uveden aktivační kód a QR kód ke stažení interaktivní verze včetně audionahrávek
Subject: čeština
fonetika
výslovnost
řečové dovednosti
Czech language
phonetics
pronunciation
speech ability
Genre: metodické příručky
praktická cvičení
methodological manuals
problems, exercises, etc

Available copies

  • 1 of 1 copy available at Common Catalog SPOK.

Holds

  • 0 current holds with 1 total copy.
Show Only Available Copies
Location Call Number / Copy Notes Barcode Shelving Location Status Due Date
Jabok Library Ped-3.5.4/Š
Pořízeno z projektu Škola jako místo, kde se vzdělává a žije: CZ.07.4.68/0.0/0.0/16_037/0000325
424480040958 Odborná literatura Available -

LDR 01840nam a2200517 i 4500
00130506
003CZ-PrJAB
00520180824091025.0
007ta
008180419s2018 xr a f f 000 0 cze
015 . ‡acnb002993039
020 . ‡a978-80-7489-389-6 ‡q(brožováno)
035 . ‡a(CZ PrNK)nkc20182993039
040 . ‡aBOA001 ‡bcze ‡erda
072 7. ‡a811.162.3 ‡xČeština ‡2Konspekt ‡911
080 . ‡a811.162.3 ‡2MRF
080 . ‡a81'34 ‡2MRF
080 . ‡a81'355 ‡2MRF
080 . ‡a81'233 ‡2MRF
080 . ‡a(072) ‡2MRF
080 . ‡a(076.5) ‡2MRF
1001 . ‡aŠtěpáník, Stanislav ‡7mzk2017959558 ‡4aut
24510. ‡aCvičebnice výslovnosti češtiny nejen pro školní výuku / ‡cStanislav Štěpáník, Jana Vlčková-Mejvaldová
250 . ‡a1. vydání
264 1. ‡aPlzeň : ‡bFraus, ‡c2018
300 . ‡a88 stran : ‡bilustrace ; ‡c30 cm
336 . ‡atext ‡btxt ‡2rdacontent
337 . ‡abez média ‡bn ‡2rdamedia
338 . ‡asvazek ‡bnc ‡2rdacarrier
500 . ‡aV publikaci uveden aktivační kód a QR kód ke stažení interaktivní verze včetně audionahrávek
65007. ‡ačeština ‡7ph135292 ‡2czenas
65007. ‡afonetika ‡7ph135255 ‡2czenas
65007. ‡avýslovnost ‡7ph120514 ‡2czenas
65007. ‡ařečové dovednosti ‡7ph128299 ‡2czenas
65009. ‡aCzech language ‡2eczenas
65009. ‡aphonetics ‡2eczenas
65009. ‡apronunciation ‡2eczenas
65009. ‡aspeech ability ‡2eczenas
655 7. ‡ametodické příručky ‡7fd132826 ‡2czenas
655 7. ‡apraktická cvičení ‡7fd133118 ‡2czenas
655 9. ‡amethodological manuals ‡2eczenas
655 9. ‡aproblems, exercises, etc ‡2eczenas
7001 . ‡aVlčková-Mejvaldová, Jana, ‡d1973- ‡7xx0054153 ‡4aut
910 . ‡aABG312
901 . ‡a30506 ‡b ‡c30506 ‡tbiblio

Additional Resources